|
|
|
|
| LEADER |
00000naa2a2200000 4500 |
| 001 |
153647 |
| 005 |
20231031151456.0 |
| 035 |
|
|
|a (RuTPU)RU\TPU\book\166687
|
| 090 |
|
|
|a 153647
|
| 100 |
|
|
|a 20090214d2008 k y0rusy50 ca
|
| 101 |
0 |
|
|a rus
|
| 102 |
|
|
|a RU
|
| 200 |
1 |
|
|a Образование и философские проблемы техногенной цивилизации
|f И. В. Болотова
|g науч. рук. Л. Г. Полещук
|
| 320 |
|
|
|a Библиогр.: 2 назв.
|
| 461 |
|
1 |
|0 (RuTPU)RU\TPU\book\156858
|t Современные техника и технологии
|o 14 Международная научно-практическая конференция студентов, аспирантов и молодых ученых, г. Томск, 24-28 марта 2008 г.
|o труды
|o в 3 т.
|f Томский политехнический университет (ТПУ)
|d 2008
|
| 463 |
|
0 |
|0 (RuTPU)RU\TPU\book\155178
|t Т. 3
|v С. 602-604
|d 2008
|p 621 с.
|
| 610 |
1 |
|
|a цивилизация
|
| 610 |
1 |
|
|a образование
|
| 610 |
1 |
|
|a техногенная цивилизация
|
| 610 |
1 |
|
|a человек
|
| 610 |
1 |
|
|a культура
|
| 610 |
1 |
|
|a наука
|
| 610 |
1 |
|
|a мировоззрение
|
| 610 |
1 |
|
|a технические вузы
|
| 610 |
1 |
|
|a труды учёных ТПУ
|
| 700 |
|
1 |
|a Болотова
|b И. В.
|
| 702 |
|
1 |
|a Полещук
|b Л. Г.
|4 727
|
| 801 |
|
1 |
|a RU
|b 63413507
|c 20090214
|g PSBO
|
| 801 |
|
2 |
|a RU
|b 63413507
|c 20141110
|g RCR
|
| 942 |
|
|
|c BK
|